000 00413nam a2200169Ia 4500
001 30822
003 IN-NITTTR
005 20251114233415.0
008 251113s9999||||xx |||||||||||||| ||eng||
040 _beng
040 _cIN-NITTTR
041 _aeng
082 _a620.0044028553 B1E
100 _aBethune, James D.
245 0 _aEngineering graphics with AutoCAD 2015 /
_cBethune, James D.
942 _2ddc
_cBK
999 _c33452
_d33452